MDQL
is popping MORE tags! Check the
thread
!
Quizzes
Events
Quiz Creation
Community
Videos
Private Events
Remove Ads
Sign In
Join for FREE
Feedback
Dark Mode
Quiz Categories
Sports
Geography
Music
Movies
Television
Just For Fun
Miscellaneous
History
Literature
Language
Science
Gaming
Entertainment
Religion
Holiday
For Kids
Quiz Lab
Recent
Popular Today
Quiz Kudos Today
Editor Picks
Curator Picks
Quizzes by...
Day
Popularity
Type
Ratings
Length
Year
Community
Subscriptions
Recent Discussions
Orange Saloon
Badges
Playlists
Quests
Create
Leaderboards
Showdown
Live 5
Trivia Bingo
Activity
Puzzle Library
Sporcle Events
Private Events
Virtual Trivia
Globe League
Become a Host
Pub Owners
SporcleCon
Opinionation
Our Games
Videos
Blog
Mobile Apps
Partnerships
Remove Ads and Go Orange
Feedback
Sports
Athletes
MLB
NBA
NHL
NFL
Soccer
Sports Teams
WWE
NCAA
Football
Premier League
Basketball
Baseball
Hockey
Golf
Tennis
Cricket
Rugby
Auto Racing
Olympics
World Cup
Sports
Athletes
MLB
NBA
NHL
NFL
Soccer
Sports Teams
WWE
NCAA
Football
Premier League
Basketball
Baseball
Hockey
Golf
Tennis
Cricket
Rugby
Auto Racing
Olympics
World Cup
Random Quiz
Search Sporcle
×
Quiz Lab
Quiz Lab
Sports
College
Type in answers that appear in a list
Type in answers that appear in a list
Classic
Best Score? Go Orange.
New England Patriots July 2016 Stats
Can you name the New England Patriots July 2016?
By
patriots84
10m
90 Questions
26 Plays
26 Plays
26 Plays
Comments
Comments
Give Quiz Kudos
Give Quiz Kudos
-
- Ratings
hide this ad
More Info
Replay
Link that replays current quiz
Next Quiz
Link to next quiz in quiz playlist
You Got
0%
They Got
Avg Score
61%
Avg Friend Score
Upgrade to see
Score Distribution
Jump to the score distribution portion of the page
Score
0/90
Timer
10:00
0
Plays Today
Hint
Answer
% Correct
Tom Brady
Michigan
100%
Alan Branch
Michigan
100%
Rob Gronkowski
Arizona
96.2%
Malcom Brown
Texas
92.3%
Dont'a Hightower
Alabama
92.3%
Cryus Jones
Alabama
92.3%
Michael Williams
Alabama
92.3%
LeGarrette Blount
Oregon
88.5%
Patrick Chung
Oregon
88.5%
Danny Amendola
Texas Tech
84.6%
Jonathan Freeny
Rutgers
84.6%
Duron Harmon
Rutgers
84.6%
Devin McCourty
Rutgers
84.6%
Logan Ryan
Rutgers
84.6%
Kevin Sydner
Rutgers
84.6%
LaAdrian Waddle
Texas Tech
84.6%
David Andrews
Georgia
80.8%
Jacoby Brissett
N,C. State
80.8%
Julian Edelman
Kent State
80.8%
Tre' Jackson
Florida State
80.8%
Josh Kline
Kent State
80.8%
Markus Kuhn
N.C, State
80.8%
Malcolm Mitchell
Georgia
80.8%
Bryan Stork
Florida State
80.8%
Nate Solder
Colorado
80.8%
Matthew Slater
UCLA
80.8%
Joe Tuney
N,C. State
80.8%
Jonathan Jones
Auburn
76.9%
Brandon KIng
Auburn
76.9%
Rob Ninkovich
Purdue
76.9%
Hint
Answer
% Correct
Elandon Roberts
Houston
76.9%
Sebastin Vollmer
Houston
76.9%
Brandon Bolden
Mississippi
73.1%
Aaron Dobson
Marshall
73.1%
Nate Ebner
Ohio State
73.1%
Kamu Grugier-
Hill
Eastern Illinois
73.1%
Jimmy Garoppolo
Eastern Illinois
73.1%
Woodrew Hamilton
Mississippi
73.1%
Dion Lewis
Pittsburgh
73.1%
Shaq Mason
Georgia Tech
73.1%
Darryl Roberts
Marshall
73.1%
Jabaal Sheard
Pittsburgh
73.1%
V'Angelo Bentley
Illinois
69.2%
Malcom Butler
West Alabama
69.2%
Joe Cardona
Navy
69.2%
Cameron Fleming
Stanford
69.2%
D.J., Foster
Arizona State
69.2%
Geno Grissom
Oklahoma
69.2%
Tyler Gaffney
Stanford
69.2%
Anthony Johnson
LSU
69.2%
Ted Karras
Illinois
69.2%
Devin Lucien
Arizona State
69.2%
Jordan Richards
Stanford
69.2%
James White
Wisconsin
69.2%
Martellus Bennett
Texas A&M
61.5%
Justin Coleman
Tennessee
61.5%
AJ Derby
Arkansas
61.5%
Trey Flowers
Arkansas
61.5%
Kyler Kerbyson
Tennessee
61.5%
Chris Long
Virginia
61.5%
Hint
Answer
% Correct
Shea McClellin
Boise State
61.5%
Vincent Valentine
Nebraska
61.5%
Marcus Cannon
TCU
57.7%
Stephen Gostkowski
Memphis
57.7%
Chris Harper
California
57.7%
Chris Hogan
Penn State
53.8%
Joey Iosela
Hawaii
53.8%
Keshawn Martin
Michigan State
53.8%
James Develin
Brown
46.2%
Joe Vellano
Maryland
46.2%
Ryan Allen
Louisiana Tech
42.3%
Donald Brown
Uconn
42.3%
Jonathan Cooper
UNC
42.3%
Chris Barker
Nevada
34.6%
Steven Scheu
Vanderbilt
30.8%
Jamies Collins
Southern Mississippi State
26.9%
Terrance Knighton
Temple
19.2%
E.J. Biggers
Western Michigan
11.5%
Cedric Thompson
Minneosta
11.5%
Brock Vereen
Minneosta
11.5%
Bryce Williams
East Carolina
7.7%
Clay Harbor
Missouri State
7.7%
Rufus Johnson
Tarleton State
7.7%
Ramon Humber
North Dakota State
3.8%
Chris Jones
Bowling Green
3.8%
Frank Kearse
Alabama A&M
3.8%
Keavon Milton
Louisiana Monroe
3.8%
DeAndre Carter
Sacamento State
0%
Cre'von LeBlanic
Floirda Atlantic
0%
Nate Washington
Tiffin
0%
Quiz Playlist
Details
Report
Send in Message
Add To Playlist
More Info:
none
Classic:
Type in answers that appear in a list
Last Updated: Feb 16, 2017
Quiz Scoreboard
CHALLENGE
Sign Up to Join the Scoreboard
Show All
Scores
Hide
Comments
May contain spoilers
Recently Published
Street Fighter Characters
by Artimus82
Gaming
60s
9x9 Crossword: Cartoon Network
by jackfrog10
Miscellaneous
3m
College Basketball Coaching Resumes
by pancakes188
Sports
9m
More to Explore
Quiz From the Vault
Featured Blog Post
Where Did the Easter Bunny Come From?
hide this ad
You Might Also Like...
Tags
College Quiz
2016
England
July
New England
patriot
Today's Top Quizzes in Sports
Browse Sports
hide this ad
Today's Top Quizzes in College
Browse College
Top Contributed Quizzes in Sports
1
2022 World Cup Stars
2
Les meilleurs buteurs des matchs entre le PSG et l’OM
3
FIFA Club World Cup Champions
4
Les entraîneurs de l'OM et du PSG au 21e siècle
5
Criteria MLB: Left Handed Sluggers
6
2023 MLB Unique Player Accomplishments
7
AFC Teams Reveal (Wrong Answers Minefield)
8
5-to-1: FBS Animal Nicknames
9
Players with Multiple 50 Home Run Seasons
10
5-to-1: UK Sports Teams
Explore More
Trending Topics
Anime
NBA
Kpop
Marvel
Harry Potter
Crossword
Disney
Pokémon
Soccer
Puzzle
NFL
WWE
The Office
Song
Country
hide this ad
More By:
patriots84
Quiz
Plays
Rating
Category
Featured
Created
New England Patriots July 2016
26
Sports
Jul 22, 2016
Go to Creator's Profile
Score Distribution
Quiz Creator Spotlight
patriots84
Follow
Send a Message
Quizzes Created
-
Created Quiz Play Count
-
More By This Creator
Popular Quizzes Today
1
Find the US States - No Outlines Minefield
2
Find the Countries of Europe - No Outlines Minefield
3
The Countries of the World
4
Find the US States
5
Risky Map Clicking: Biggest States A-Z
6
US States
7
Popular People in 1961
8
Movies - When Are They Set?
More Sports Quizzes
States by Super Bowl Quarterbacks
Curator's Pick
Trending Quizzes
Risky Map Clicking: Least Populous States A-Z
Countries of the World: 200 Million BC
1-10 Letter G Words
Risky Map Clicking: Next State Alphabetically
Adjectives in 80s TV Shows
Recently Updated
Leaping Animals
pecheneg
Reality TV Shows (A-Z)
bhenderson79
Rickey Henderson's Hall of Fame Teammates
pecheneg
Champions League XIs: Arsenal
pecheneg
Quick Pick: Celebrities in WWE's Hall of Fame
aduchscher
A-Z Keypad Blitz II
pecheneg
Multiple Oscar Actors
pecheneg
Mystery Phrase Blitz: Oscar 'Best Actors'
pecheneg
F. Scott Fitzgerald Novels
LTH
Pick 3 Villains
ddd62291
Trending Topics
Harry Potter
Anime
Disney
Crossword
NBA
Kpop
Marvel
The Office
WWE
Pokémon
Song
Soccer
Puzzle
Country
NFL
Your Account Isn't Verified!
In order to create a playlist on Sporcle, you need to verify the email address you used during registration. Go to your
Sporcle Settings
to finish the process.
Report this User
Report this user for behavior that violates our
Community Guidelines
.
Details:
Send Report
Go to the Sporcle.com Mobile Site →
Comments